000 nam a22 7a 4500
999 _c52906
_d52906
003 OSt
005 20220707140937.0
008 220707b xxu||||| |||| 00| 0 eng d
040 _cIIMT UNIVERSITY MEERUT
100 _aDR. SHARMA, S
245 _aDIGITAL SIGNAL PROCESSING -6th
260 _bkatson
300 _a535
942 _2ddc
_c09